Primate biogeography: Progress and prospects (Record no. 22027)

MARC details
000 -LEADER
fixed length control field 01071nam a2200337Ia 4500
003 - CONTROL NUMBER IDENTIFIER
control field OSt
005 - DATE AND TIME OF LATEST TRANSACTION
control field 20220912145044.0
008 - FIXED-LENGTH DATA ELEMENTS--GENERAL INFORMATION
fixed length control field 220909b |||||||| |||| 00| 0 eng d
020 ## - INTERNATIONAL STANDARD BOOK NUMBER
International Standard Book Number 0387298711 (hbd)
037 ## - SOURCE OF ACQUISITION
Terms of availability Textual
040 ## - CATALOGING SOURCE
Original cataloging agency CSL
Language of cataloging eng
Transcribing agency CSL
041 ## - LANGUAGE CODE
Language code of text/sound track or separate title eng
100 ## - MAIN ENTRY--PERSONAL NAME
Personal name Lehman Shawn M
245 #0 - TITLE STATEMENT
Title Primate biogeography: Progress and prospects
260 ## - PUBLICATION, DISTRIBUTION, ETC.
Place of publication, distribution, etc. New York
Name of publisher, distributor, etc. Springer Science+Business Media
Date of publication, distribution, etc. 2006
300 ## - PHYSICAL DESCRIPTION
Extent xi, 535p.
Dimensions cm.
490 ## - SERIES STATEMENT
Series statement Developments in primatology: Progress and prospects
500 ## - GENERAL NOTE
General note Includes bibliographical references.; Index 523-535p.
650 ## - SUBJECT ADDED ENTRY--TOPICAL TERM
Topical term or geographic name entry element Ecological biogeography
650 ## - SUBJECT ADDED ENTRY--TOPICAL TERM
Topical term or geographic name entry element Primates
650 ## - SUBJECT ADDED ENTRY--TOPICAL TERM
Topical term or geographic name entry element Primates
650 ## - SUBJECT ADDED ENTRY--TOPICAL TERM
Topical term or geographic name entry element Anthropology
700 ## - ADDED ENTRY--PERSONAL NAME
Personal name Fleagle John G
942 ## - ADDED ENTRY ELEMENTS (KOHA)
Classification part Y7:(K97979), P6
Koha item type Textual
Source of classification or shelving scheme Colon Classification (CC)
Holdings
Withdrawn status Lost status Damaged status Not for loan Home library Current library Date acquired Source of acquisition Total Checkouts Full call number Barcode Date last seen Price effective from Koha item type
        Central Science Library Central Science Library 2022-09-12 172, 26/10/2006, Ashutosh Technical Books   Y7:(K97979) P6 SL1378735 2022-09-12 2022-09-12 Textual
Copyright @ Delhi University Library System